000 00299nam a22001337a 4500
008 170728b xxu||||| |||| 00| 0 eng d
020 _a9780262121866
041 _aeng
080 _a004
100 _a32
101 _aSHK
245 _aTHE TROUBLE WITH COMPUTERS
_cLANDAUER,TH.K
942 _2udc
_cBK
999 _c22147
_d22147